01492nam a22003737a 4500003000500000005001700005008004100022010001000063011001000073035001000083040000900093090001000102100005100112245010200163260004000265300001000305502007700315590003700392590004100429590004100470590004100511590004200552650003900594650004200633650003000675650002100705901000700726942000900733949004300742949005500785999001700840952013300857952012800990CHAP20220329135942.0971013s1995 r 00010 d a44593 a45565 a49704 cCHAP aTesis00aRecinos Arrevillaga, Rafael de Jesús.995000 aEfecto de tres niveles de labranza y fertilización sobre el rendimiento de haba (Vicia faba L.) aChapingo, Méx. :bEl autor,c1995 a88 h. aTesis (Ing. Agr. Esp. en Fitotecnia) -- UACH. Departamento de Fitotecnia aALEPHb10c20130110lUCH01h1314 aBATCH-UPDb10c20130110lUCH01h1824 aBATCH-UPDb10c20130410lUCH01h1157 aBATCH-UPDb10c20130914lUCH01h1411 aCONVERSIONb10c20130109lUCH01h132414aFertilizantes nitrogenados.94059614aFertilizantesxEfecto en haba.94051714aHabaxRendimiento.95212214aLabranza.964303 aBK cFOLL bBCcTESd-112016eTS1h28088i49704si bBCcTESd33724000006631eTS2fc.2h28089i49704si c44593d44593 00102local4053708TESISaBCbBCcPA_TESISd2019-12-31fTESISl0p33724000006631r2019-12-31 00:00:00tc.2w2019-12-31yTESIS 00102local4051708TESISaBCbBCcPA_TESISd2019-12-31fTESISl0oTesisp-112016r2019-12-31 00:00:00w2019-12-31yTESIS